Quizzes
Events
Quiz Creation
Community
Videos
Private Events
Remove Ads
Sign In
Join for FREE
Feedback
Dark Mode
Quiz Categories
Sports
Geography
Music
Movies
Television
Just For Fun
Miscellaneous
History
Literature
Language
Science
Gaming
Entertainment
Religion
Holiday
For Kids
Quiz Lab
Recent
Popular Today
Quiz Kudos Today
Editor Picks
Curator Picks
Quizzes by...
Day
Popularity
Type
Ratings
Length
Year
Community
Subscriptions
Recent Discussions
Orange Saloon
Badges
Playlists
Quests
Create
Leaderboards
Showdown
Live 5
Trivia Bingo
Activity
Puzzle Library
Sporcle Events
Private Events
Virtual Trivia
Globe League
Become a Host
Pub Owners
SporcleCon
Opinionation
Our Games
Videos
Blog
Mobile Apps
Partnerships
Remove Ads and Go Orange
Feedback
Geography
Country
Landmarks
City
State
Population
World
Capital
Continent
Flags
Europe
Africa
Asia
South America
North America
Oceania
Border
Canada
United Kingdom
Topography
United States
Geography
Country
Landmarks
City
State
Population
World
Capital
Continent
Flags
Europe
Africa
Asia
South America
North America
Oceania
Border
Canada
United Kingdom
Topography
United States
Random Quiz
Search Sporcle
×
Quiz Lab
Quiz Lab
Geography
place
Type in answers that appear in a list
Type in answers that appear in a list
Classic
Best Score? Go Orange.
Burlington Ontario Quiz Stats
Can you name these Burlington places?
By
JesusChri
10m
21 Questions
21 Plays
21 Plays
21 Plays
Comments
Comments
Give Quiz Kudos
Give Quiz Kudos
-
- Ratings
hide this ad
Replay
Link that replays current quiz
Next Quiz
Link to next quiz in quiz playlist
You Got
0%
They Got
Avg Score
22%
Avg Friend Score
Upgrade to see
Score Distribution
Jump to the score distribution portion of the page
Score
0/21
Timer
10:00
0
Plays Today
Hint
Answer
% Correct
Bowling for Adults
Burlington Bowl
61.9%
Don't Fret was replaced with a _
_
_
_
_
_
Subway
47.6%
Bar on brant for the youngsters.
Joe Dogs
38.1%
A Pub named after Charles
Dickens
38.1%
Formerly Philthy McNasty's on Brant street
Shoeless Joes
33.3%
Cougar bar attached to Hotel
Beaver and bulldog
28.6%
Football position sports bar
QBs
28.6%
A pub that illegally kills wild animals
The Poacher
28.6%
Pub that used to be Jackastors (fairview)
Ye Olde Squire
23.8%
Famous Wings. 2 for 1 on Wednesday.
Chaps
14.3%
Vegan restaurant on John and Lakeshore
Lettuce Love
14.3%
Hint
Answer
% Correct
The 'Italian' bar on brant.
Eatalia
14.3%
Sub shop at New st. and Walkers
Sub Corner
14.3%
Coffee by the Cigar store downtown
Tamp
14.3%
Restaurant that Mauricio works at
Spencers
9.5%
Restaurant that took over 'Jonathans'
table tops
9.5%
Place where you can buy Balzacs Coffee
Kellys Bakeshop
9.5%
Beer trio sampler on a wooden board
Pepperwood
9.5%
Bowling for Teens
Primetime
9.5%
Bar with lots of pool tables
Boston Manor
9.5%
Bar Sara and Mau met at
Honey West
9.5%
Quiz Playlist
Details
Report
Send in Message
Add To Playlist
Classic:
Type in answers that appear in a list
Last Updated: Feb 16, 2017
Quiz Scoreboard
CHALLENGE
Sign Up to Join the Scoreboard
Show All
Scores
Hide
Comments
May contain spoilers
Recently Published
College Basketball Coaching Resumes
by pancakes188
Sports
9m
Billboard Blitz: Fleetwood Mac
by CooCooCachoo
Music
15s
Presidents Visiting Landmarks
by Hejman
History
7m
More to Explore
Quiz From the Vault
Featured Blog Post
Where Did the Easter Bunny Come From?
hide this ad
You Might Also Like...
Tags
ontario
place
Today's Top Quizzes in Geography
Browse Geography
hide this ad
Today's Top Quizzes in place
Browse place
Top Contributed Quizzes in Geography
1
Countries of the World - No Outlines Minefield
2
Top 25 Cities of France on a map
3
Any capital of a 'B' country per Continent
4
Any capital of a 'C' country per Continent
5
Closest Countries to UK A-Z
6
Any capital of a 'D' country per Continent
7
5-to-1: US Geography No Hints
8
Any capital of an 'E' country per Continent
9
One Thing in Common: United Kingdom
10
Click the Alabama Counties! (Map)
Explore More
Trending Topics
Crossword
Marvel
Kpop
NBA
Disney
Harry Potter
Anime
Soccer
WWE
Song
Pokémon
The Office
Country
Puzzle
NFL
hide this ad
More By:
JesusChri
Quiz
Plays
Rating
Category
Featured
Created
Burlington Ontario Quiz
21
Geography
Feb 15, 2015
Go to Creator's Profile
Score Distribution
Quiz Creator Spotlight
JesusChri
Follow
Send a Message
Quizzes Created
-
Created Quiz Play Count
-
More By This Creator
Popular Quizzes Today
1
Find the US States - No Outlines Minefield
2
Find the Countries of Europe - No Outlines Minefield
3
The Countries of the World
4
Find the US States
5
Risky Map Clicking: Biggest States A-Z
6
US States
7
Popular People in 1961
8
Movies - When Are They Set?
More Geography Quizzes
All about... Ukraine
Curator's Pick
Trending Quizzes
Risky Map Clicking: Least Populous States A-Z
1-10 Letter G Words
1-10 Letter F Words
Risky Map Clicking: Next State Alphabetically
Click the Washington State Counties! (Map)
Recently Updated
Leaping Animals
pecheneg
Reality TV Shows (A-Z)
bhenderson79
Rickey Henderson's Hall of Fame Teammates
pecheneg
Champions League XIs: Arsenal
pecheneg
Quick Pick: Celebrities in WWE's Hall of Fame
aduchscher
A-Z Keypad Blitz II
pecheneg
Multiple Oscar Actors
pecheneg
Mystery Phrase Blitz: Oscar 'Best Actors'
pecheneg
F. Scott Fitzgerald Novels
LTH
Pick 3 Villains
ddd62291
Trending Topics
Kpop
Marvel
NBA
Anime
Crossword
Disney
Harry Potter
NFL
Puzzle
The Office
Pokémon
Country
Song
WWE
Soccer
Your Account Isn't Verified!
In order to create a playlist on Sporcle, you need to verify the email address you used during registration. Go to your
Sporcle Settings
to finish the process.
Report this User
Report this user for behavior that violates our
Community Guidelines
.
Details:
Send Report
Go to the Sporcle.com Mobile Site →
Comments